000 00447nam a22001577a 4500
003 OSt
005 20140311163153.0
008 140221t xxu||||| |||| 00| 0 eng d
020 _a9715694470
050 _aQA 152.2
_b.M311 2009
100 _aMarasigan, Jose A.
_930542
245 _aIntermediate Algebra :
_bJose A. Marasigan.
_cbased on the 2002 BEC /
260 _aPhiippines :
_bBookmark Inc.,
_cc2002.
942 _2lcc
_cBK-FIL
999 _c42309
_d42309